000 01861nam a2200421 a 4500
001 000009050
003 DO-SdBNP
005 20171009094835.0
007 000009050
008 090925t1997 dr 001 0 spa d
040 _aBPMSU
_bspa
_cBPMSU
082 _aRD861.4409
_bM632zC
100 1 _aCéspedes, Diógenes
_d1941-
245 1 0 _aLa poética de Franklin Mieses Burgos /
_cDiógenes Céspedes ; presentación Roberto Saladín Selin.
260 _aSanto Domingo :
_bBanco de Reservas de la República Dominicana,
_c1997.
300 _a157 p. ;
_c23 cm.
490 1 _aBanreservas
490 1 _aLiteratura
_v4
500 _aIncluye datos biográficos del autor en las solapas.
500 _aIncluye referencias bibliograficas y notas al pie de las páginas
505 0 _gPresentación /
_rRoberto Saladín Selin --
_tProblemas de recepción --
_tLa recepción dominicana de Mieses Burgos --
_tPolítica de la poética de Mieses Burgos: lectura de algunos poemas --
_tLa escritura grande --
_tConclusión perentoria --
_tLa ciudad inefable: preparación del héroe --
_tMieses Burgos en el recuerdo.
600 1 4 _aFRANKLIN MIESES BURGOS
_d1907 – 1976
_xCRÍTICA E INTERPRETACIÓN
650 4 _aPOESÍA DOMINICANA
_xHISTORIA Y CRÍTICA
650 4 _aLITERATURA DOMINICANA
650 4 _aAUTORES DOMINICANOS
_xCRÍTICA E INTERPRETACIÓN
700 1 _aSaladín Selin, Roberto
830 0 _aBanreservas
830 0 _aLiteratura
_v4
910 _aValidado. Control de calidad EMS.
930 1 _lBND01
_mLF1
_820090925
_f04
_pHD
_g4357
930 1 _lBND01
_mLF1
_820090925
_f04
_pHD
_g4357
_he. 2
942 _2ddc
_cBK
945 _aInventariado, 2017/MFF
956 _aSARMENTERO
_b10
_c20090925
_lBND01
_h1400
956 _aVMATEO
_b10
_c20091001
_lBND01
_h0936
956 _aMMOLINA
_b40
_c20130412
_lBND01
_h0909
956 _aVMATEO
_b10
_c20151106
_lBPMSU
_h00151
999 _c8603
_d8603